[Event "EU-ch Online U2300 Qual"]
[Site "Chess.com INT"]
[Date "2020.05.25"]
[Round "3"]
[White "Kuhn, Clement"]
[Black "Rause, Olita V"]
[Result "1-0"]
[WhiteElo "2150"]
[BlackElo "2192"]
[PlyCount "125"]
[EventDate "2020.05.25"]
[EventType "swiss"]
[EventRounds "8"]
[EventCountry "NET"]
[SourceTitle "EXT 2021"]
[Source "ChessBase"]
[SourceDate "2020.10.23"]
[SourceVersion "1"]
[SourceVersionDate "2020.10.23"]
[SourceQuality "1"]

1. e4 e5 2. Nf3 Nc6 3. Bb5 a6 4. Ba4 Nf6 5. 0-0 b5 6. Bb3 Bc5 7. d3 h6 8. c3 Bb6 9. h3 0-0 10. Re1 Re8 11. Nbd2 Bb7 12. Nf1 d5 13. exd5 Nxd5 14. Ng3 Nf4 15. d4 Qf6 16. Ne4 Qf5 17. Nh4 Nxh3+ 18. Kh2 Nxf2 19. Nxf5 Nxd1 20. Bxd1 exd4 21. cxd4 Nxd4 22. Nxd4 Bxd4 23. Bf3 f5 24. Nf6+ Bxf6 25. Rxe8+ Rxe8 26. Bxb7 Re1 27. Bxa6 b4 28. Bc4+ Kh7 29. Kg3 Bd4 30. Bd3 g6 31. Rb1 Rd1 32. Bc2 Rf1 33. Bd2 Rf2 34. Rd1 h5 35. Bb3 h4+ 36. Kh2 Bxb2 37. Bxb4 Be5+ 38. Kh1 h3 39. Rd7+ Kh6 40. gxh3 Rh2+ 41. Kg1 Rxh3 42. Bd2+ f4 43. Re7 Bd6 44. Re6 Rg3+ 45. Kh2 Rd3 46. Rxg6+ Kh5 47. Rxd6 cxd6 48. Bxf4 d5 49. Kg2 Kg4 50. Bc1 d4 51. Kf2 Rf3+ 52. Ke2 Rf8 53. Bb2 Rd8 54. Kd3 Kf4 55. Bxd4 Kf5 56. a4 Ra8 57. Bb6 Ke5 58. a5 Kd6 59. Kc4 Kc6 60. Ba4+ Kb7 61. Kb5 Ra6 62. Bb3 Rxb6+ 63. axb6 1-0

[Event "EU-ch Online U2300 Qual"]
[Site "Chess.com INT"]
[Date "2020.05.25"]
[Round "6"]
[White "Rause, Olita V"]
[Black "Lucchi, Lorenzo"]
[Result "0-1"]
[WhiteElo "2192"]
[BlackElo "2111"]
[PlyCount "48"]
[EventDate "2020.05.25"]
[EventType "swiss"]
[EventRounds "8"]
[EventCountry "NET"]
[SourceTitle "EXT 2021"]
[Source "ChessBase"]
[SourceDate "2020.10.23"]
[SourceVersion "1"]
[SourceVersionDate "2020.10.23"]
[SourceQuality "1"]

1. e4 c5 2. c3 Nf6 3. e5 Nd5 4. d4 cxd4 5. Nf3 Nc6 6. cxd4 d6 7. exd6 Qxd6 8. Nc3 Bg4 9. Be2 g6 10. h3 Bxf3 11. Bxf3 Qe6+ 12. Kf1 Nxc3 13. bxc3 Qc4+ 14. Kg1 Qxc3 15. Be3 0-0-0 16. Rc1 Qa5 17. Qb3 e6 18. Bxc6 bxc6 19. Rxc6+ Kd7 20. Qb7+ Ke8 21. Kh2 Bd6+ 22. g3 h5 23. Bg5 Qxg5 24. Re1 h4 0-1

[Event "LAT-ch (Women)"]
[Site "Riga"]
[Date "2019.05.04"]
[Round "6"]
[White "Rause, Olita V"]
[Black "Osobskaja, Zinaida"]
[Result "1-0"]
[WhiteElo "2232"]
[BlackElo "1696"]
[PlyCount "93"]
[EventDate "2019.04.29"]
[EventType "swiss"]
[EventRounds "7"]
[EventCountry "LAT"]
[SourceTitle "CBM 190 Extra"]
[Source "ChessBase"]
[SourceDate "2019.07.15"]
[SourceVersion "1"]
[SourceVersionDate "2019.07.15"]
[SourceQuality "1"]

1. e4 e6 2. d4 d5 3. Nd2 c5 4. exd5 Qxd5 5. dxc5 Bxc5 6. Ngf3 Nc6 7. Bc4 Qd8 8. Qe2 Nf6 9. 0-0 0-0 10. Nb3 Bd6 11. Bg5 Qc7 12. Bxf6 gxf6 13. Qe4 Bf4 14. g3 Bh6 15. Rad1 Ne5 16. Nxe5 Qxe5 17. Bd3 Qxe4 18. Bxe4 f5 19. Bf3 Bg7 20. c3 Rb8 21. Na5 Be5 22. Rfe1 Bc7 23. Nc4 b5 24. Ne5 Bb6 25. Rd3 Re8 26. Nc6 Rb7 27. Nd4 Rb8 28. Nxf5 Rd8 29. Ne7+ Kf8 30. Rxd8+ Bxd8 31. Nc6 Bb7 32. Nxb8 Bxf3 33. Nd7+ Ke7 34. Ne5 Bd5 35. b3 f6 36. Nd3 Bb7 37. f4 Bb6+ 38. Kf1 a5 39. Ke2 Bd5 40. Kd2 Kd6 41. Rc1 Kc6 42. c4 bxc4 43. Nb2 Bc7 44. Nxc4 Kd7 45. Kd3 e5 46. fxe5 fxe5 47. Nxa5 1-0

[Event "LAT-ch (Women)"]
[Site "Riga"]
[Date "2019.05.01"]
[Round "3"]
[White "Ter Avetisjana, Agnesa Stepania"]
[Black "Rause, Olita V"]
[Result "0-1"]
[WhiteElo "1526"]
[BlackElo "2232"]
[PlyCount "92"]
[EventDate "2019.04.29"]
[EventType "swiss"]
[EventRounds "7"]
[EventCountry "LAT"]
[SourceTitle "CBM 190 Extra"]
[Source "ChessBase"]
[SourceDate "2019.07.15"]
[SourceVersion "1"]
[SourceVersionDate "2019.07.15"]
[SourceQuality "1"]

1. e4 e5 2. Nf3 Nc6 3. Bb5 a6 4. Ba4 Nf6 5. d4 Nxd4 6. Nxd4 exd4 7. e5 Ne4 8. Qxd4 Nc5 9. Nc3 Nxa4 10. Qxa4 c6 11. Qe4 Be7 12. Qg4 g6 13. 0-0 d5 14. Qe2 h5 15. Rd1 Qc7 16. h3 Be6 17. Bf4 g5 18. Bh2 g4 19. Bf4 gxh3 20. g3 0-0-0 21. Qe1 h4 22. Kh2 Rdg8 23. Ne2 c5 24. Nc3 Qc6 25. Qh1 hxg3+ 26. fxg3 Rd8 27. Rd2 f6 28. Rad1 fxe5 29. Bxe5 Rhf8 30. Bf4 Rf5 31. b3 Bf6 32. Ne2 Qe8 33. g4 Rxf4 34. Nxf4 Be5 35. Qf3 Qf7 36. Rf2 Rg8 37. Qe3 Bxg4 38. Qxc5+ Kb8 39. Rdf1 Bf5 40. Qe3 Be4 41. Rg1 Rg2+ 42. Rgxg2 hxg2 43. Kg1 Qg7 44. Ne2 Bc7 45. Qd4 Qh6 46. Rxg2 Bb6 0-1

[Event "LAT-ch (Women)"]
[Site "Riga"]
[Date "2019.04.30"]
[Round "2"]
[White "Rause, Olita V"]
[Black "Kipluka, Anna Krista"]
[Result "1-0"]
[WhiteElo "2232"]
[BlackElo "1355"]
[PlyCount "53"]
[EventDate "2019.04.29"]
[EventType "swiss"]
[EventRounds "7"]
[EventCountry "LAT"]
[SourceTitle "CBM 190 Extra"]
[Source "ChessBase"]
[SourceDate "2019.07.15"]
[SourceVersion "1"]
[SourceVersionDate "2019.07.15"]
[SourceQuality "1"]

1. e4 c6 2. d4 d5 3. e5 h6 4. Bd3 e6 5. Nf3 c5 6. dxc5 Bxc5 7. c3 Nc6 8. Bf4 Nge7 9. a4 a5 10. Na3 Na7 11. Nb5 Nxb5 12. axb5 0-0 13. 0-0 Bd7 14. Qd2 Nf5 15. Bxf5 exf5 16. Qxd5 b6 17. b4 Be7 18. Nd4 Be6 19. Qxd8 Rfxd8 20. Nc6 Rd7 21. bxa5 bxa5 22. Rxa5 Rxa5 23. Nxa5 Bc5 24. Be3 Bxe3 25. fxe3 Ra7 26. Ra1 Bc4 27. b6 1-0

[Event "CFriend AS CFC Simul 004 email"]
[Site "Chessfriend.com"]
[Date "2004.04.15"]
[Round "?"]
[White "Rause, Olita V"]
[Black "Utesch, Wolfgang"]
[Result "1/2-1/2"]
[WhiteElo "2720"]
[BlackElo "2294"]
[PlyCount "61"]
[EventDate "2004.??.??"]
[EventType "tourn (corr)"]
[EventRounds "6"]
[SourceTitle "Corr 2008"]
[Source "ChessBase"]
[SourceDate "2008.06.24"]
[SourceVersion "1"]
[SourceVersionDate "2008.06.24"]
[SourceQuality "1"]

1. d4 d5 2. c4 c6 3. Nc3 Nf6 4. Nf3 dxc4 5. a4 Bf5 6. Ne5 e6 7. f3 Bb4 8. e4 Bxe4 9. fxe4 Nxe4 10. Bd2 Qxd4 11. Nxe4 Qxe4+ 12. Qe2 Bxd2+ 13. Kxd2 Qd5+ 14. Kc2 Na6 15. Nxc4 0-0 16. Qe5 Rab8 17. a5 f6 18. Qxd5 cxd5 19. Nd2 Rfc8+ 20. Kb1 Nb4 21. Ra4 Nc6 22. Nb3 Kf7 23. Be2 f5 24. g4 e5 25. gxf5 Ne7 26. Bf3 b6 27. axb6 Rxb6 28. Rxa7 Kf6 29. Nd2 Rcb8 30. Ra2 e4 31. Bxe4 1/2-1/2

[Event "CFriend AS CFC Simul 004 email"]
[Site "Chessfriend.com"]
[Date "2004.04.15"]
[Round "?"]
[White "Utesch, Wolfgang"]
[Black "Rause, Olita V"]
[Result "1/2-1/2"]
[WhiteElo "2294"]
[BlackElo "2720"]
[PlyCount "105"]
[EventDate "2004.??.??"]
[EventType "tourn (corr)"]
[EventRounds "6"]
[SourceTitle "Corr 2008"]
[Source "ChessBase"]
[SourceDate "2008.06.24"]
[SourceVersion "1"]
[SourceVersionDate "2008.06.24"]
[SourceQuality "1"]

1. d4 d5 2. c4 c6 3. Nc3 Nf6 4. Nf3 e6 5. Bg5 dxc4 6. e4 b5 7. e5 h6 8. Bh4 g5 9. Nxg5 hxg5 10. Bxg5 Nbd7 11. exf6 Bb7 12. g3 c5 13. d5 Qb6 14. Bg2 0-0-0 15. 0-0 b4 16. Rb1 Qa6 17. dxe6 Bxg2 18. e7 Bxf1 19. Kxf1 Qc6 20. exd8Q+ Kxd8 21. Nd5 Rxh2 22. Kg1 Rh8 23. Bf4 Kc8 24. Qf3 Kb7 25. Rd1 Bh6 26. Qh5 Bg7 27. Ne7 Rxh5 28. Nxc6 Nxf6 29. Na5+ Ka6 30. Nxc4 Nd5 31. Be3 Nb6 32. b3 Nxc4 33. bxc4 Bd4 34. Bxd4 cxd4 35. Rxd4 Ra5 36. c5 Kb5 37. c6 Ra6 38. c7 Rc6 39. Rd7 a5 40. Rxf7 Ka4 41. Rf5 Rxc7 42. g4 Ra7 43. Rf3 Kb5 44. g5 a4 45. Re3 b3 46. axb3 a3 47. Re1 a2 48. Ra1 Kb4 49. f4 Kxb3 50. g6 Kb2 51. Rxa2+ Kxa2 52. Kg2 Kb3 53. Kg3 1/2-1/2

[Event "Sharjah op"]
[Site "Sharjah"]
[Date "2003.09.03"]
[Round "8"]
[White "Yousif, Ammar Mohd"]
[Black "Rause, Olita V"]
[Result "0-1"]
[WhiteElo "2180"]
[BlackElo "2222"]
[PlyCount "64"]
[EventDate "2003.08.27"]
[EventType "swiss"]
[EventRounds "9"]
[EventCountry "UAE"]
[SourceTitle "EXT 2004"]
[Source "ChessBase"]
[SourceDate "2003.11.25"]
[SourceVersion "1"]
[SourceVersionDate "2003.11.25"]
[SourceQuality "1"]

1. e4 e5 2. Nf3 Nc6 3. Bb5 a6 4. Ba4 Nf6 5. 0-0 b5 6. Bb3 Bb7 7. Ng5 d5 8. exd5 Nd4 9. c4 Bd6 10. d3 0-0 11. Nc3 c6 12. dxc6 Bxc6 13. Nce4 h6 14. Nxf6+ Qxf6 15. Ne4 Qg6 16. f3 Be7 17. Be3 Rfd8 18. Bxd4 Rxd4 19. Qe2 Rad8 20. Rad1 Kh8 21. Bc2 f5 22. Ng3 Bc5 23. Kh1 Rh4 24. Qe1 Rdd4 25. h3 Bd6 26. Kh2 bxc4 27. dxc4 Rxd1 28. Bxd1 e4 29. c5 Bc7 30. fxe4 Rxe4 31. Qc3 Rc4 32. Qxc4 Qxg3+ 0-1

[Event "Abu Dhabi op 13th"]
[Site "Abu Dhabi"]
[Date "2003.08.23"]
[Round "7"]
[White "Rause, Olita V"]
[Black "Velikhanli, Firuza"]
[Result "1-0"]
[WhiteElo "2222"]
[BlackElo "2339"]
[PlyCount "57"]
[EventDate "2003.08.16"]
[EventType "swiss"]
[EventRounds "9"]
[EventCountry "UAE"]
[SourceTitle "CBM 097"]
[Source "ChessBase"]
[SourceDate "2003.11.11"]
[SourceVersion "1"]
[SourceVersionDate "2003.11.11"]
[SourceQuality "1"]

1. d4 d6 2. Nf3 g6 3. e4 Bg7 4. Nc3 c6 5. a4 Nf6 6. a5 0-0 7. Be2 Qc7 8. 0-0 Nbd7 9. h3 e5 10. Be3 Re8 11. dxe5 dxe5 12. Bc4 Nf8 13. Ng5 Ne6 14. Nxe6 Bxe6 15. Qe2 Nh5 16. Bxe6 Rxe6 17. g3 Bf8 18. Qc4 Rd6 19. Nb5 Qd7 20. Nxd6 Bxd6 21. Kg2 Qe7 22. a6 Nf4+ 23. gxf4 exf4 24. Bd2 Qg5+ 25. Kh1 Qh5 26. Qd3 Be5 27. Ra3 Qh4 28. Qf3 Rd8 29. Bc3 1-0

[Event "Troll Masters"]
[Site "Gausdal"]
[Date "2002.01.09"]
[Round "7"]
[White "Bekker Jensen, David"]
[Black "Rause, Olita V"]
[Result "1-0"]
[WhiteElo "2308"]
[BlackElo "2234"]
[PlyCount "167"]
[EventDate "2002.01.04"]
[EventType "swiss"]
[EventRounds "9"]
[EventCountry "NOR"]
[SourceTitle "CBM 086 Extra"]
[Source "ChessBase"]
[SourceDate "2002.03.14"]
[SourceVersion "1"]
[SourceVersionDate "2002.03.14"]
[SourceQuality "1"]

1. d4 d5 2. c4 c6 3. Nc3 Nf6 4. e3 e6 5. Nf3 Nbd7 6. Qc2 Bd6 7. Bd3 0-0 8. 0-0 dxc4 9. Bxc4 a6 10. a4 c5 11. Rd1 cxd4 12. Ne4 Ne5 13. Nxe5 Bxe5 14. exd4 Bxh2+ 15. Kxh2 Nxe4 16. Qxe4 Qc7+ 17. Bf4 Qxc4 18. Rac1 Qd5 19. Qxd5 exd5 20. Rc7 Re8 21. Rdc1 h6 22. R1c5 b6 23. Rxd5 Be6 24. Rd6 b5 25. d5 Bf5 26. Rb6 Re4 27. Be3 Rh4+ 28. Kg1 Rd8 29. d6 Rxa4 30. Ra7 Ra1+ 31. Kh2 Rd1 32. Raxa6 Rd5 33. Bf4 g5 34. Be3 Rd7 35. b4 Kg7 36. Bc5 Bd3 37. Ra8 Kf6 38. Re8 Bc4 39. Re7 Rd8 40. Rbb7 R8xd6 41. Bxd6 Rxd6 42. Red7 Ra6 43. Ra7 Rc6 44. f3 Kg6 45. Kg3 h5 46. Rd2 h4+ 47. Kf2 Rf6 48. Rd4 Re6 49. Rd2 Rf6 50. Rad7 Rf5 51. R7d4 Re5 52. Re4 Rxe4 53. fxe4 g4 54. Rd8 Kf6 55. Rh8 Kg5 56. Ke3 Bf1 57. Rg8+ Kh5 58. Kf4 Bxg2 59. Rh8+ Kg6 60. Rxh4 Bf3 61. Rh8 Kg7 62. Rb8 Be2 63. Rb6 Kf8 64. Ke3 Bc4 65. Rh6 Ke7 66. Rh4 Be6 67. Kf4 Kd7 68. Rh5 Kc6 69. Rc5+ Kb6 70. Rg5 Kc6 71. Ke5 Kc7 72. Kd4 Kc6 73. Rg7 Kd6 74. e5+ Kc6 75. Rg8 Kb6 76. Ke4 Kc6 77. Rd8 Kc7 78. Rd6 Kb7 79. Kf4 Kc7 80. Rxe6 fxe6 81. Kxg4 Kc6 82. Kg5 Kd5 83. Kf6 Kc4 84. Kxe6 1-0

[Event "Troll Masters"]
[Site "Gausdal"]
[Date "2002.01.04"]
[Round "1"]
[White "Rause, Olita V"]
[Black "Lie, Kjetil A"]
[Result "0-1"]
[WhiteElo "2234"]
[BlackElo "2388"]
[PlyCount "56"]
[EventDate "2002.01.04"]
[EventType "swiss"]
[EventRounds "9"]
[EventCountry "NOR"]
[SourceTitle "CBM 086 Extra"]
[Source "ChessBase"]
[SourceDate "2002.03.14"]
[SourceVersion "1"]
[SourceVersionDate "2002.03.14"]
[SourceQuality "1"]

1. e4 c5 2. c3 d6 3. d4 cxd4 4. cxd4 g6 5. Nc3 Bg7 6. h3 Nf6 7. Nf3 0-0 8. Bd3 e5 9. dxe5 dxe5 10. 0-0 Nc6 11. Be3 Qe7 12. Qe2 Rd8 13. Bg5 Be6 14. Rfd1 Rac8 15. Qe3 Qb4 16. Rd2 Nd4 17. Nxe5 Qa5 18. Nf3 Nxf3+ 19. gxf3 Bxh3 20. e5 Nd5 21. Bxd8 Rxd8 22. Nxd5 Rxd5 23. f4 Bg4 24. b4 Qxb4 25. Rb1 Qc3 26. Rxb7 Bf8 27. Rb3 Qc1+ 28. Kh2 Bc5 0-1

[Event "Troll Masters"]
[Site "Gausdal"]
[Date "2000.01.12"]
[Round "5"]
[White "Rause, Olita V"]
[Black "Horn, Emilia"]
[Result "1-0"]
[WhiteElo "2249"]
[BlackElo "2003"]
[PlyCount "79"]
[EventDate "2000.01.10"]
[EventType "swiss"]
[EventRounds "9"]
[EventCountry "NOR"]
[SourceTitle "CBM 074 Extra"]
[Source "ChessBase"]
[SourceDate "2000.03.10"]
[SourceVersion "2"]
[SourceVersionDate "2000.03.10"]
[SourceQuality "1"]

1. e4 e5 2. Nf3 Nc6 3. Be2 Nf6 4. d3 Be7 5. Nbd2 0-0 6. c3 d5 7. Qc2 dxe4 8. dxe4 b6 9. Bb5 Qd6 10. Nc4 Qc5 11. a4 Ng4 12. b4 Nxb4 13. cxb4 Qxb4+ 14. Ncd2 Qc5 15. Qxc5 Bxc5 16. Ba3 Bxa3 17. Rxa3 Bb7 18. Ke2 c6 19. Bd3 Rfe8 20. h3 Nf6 21. Ke3 Rad8 22. Rc1 Nd7 23. a5 b5 24. a6 Ba8 25. Nb3 Nb6 26. Nc5 f5 27. Nd2 f4+ 28. Ke2 Re7 29. Bb1 Rd6 30. Ba2+ Kf8 31. Rd3 Rxd3 32. Nxd3 Nd7 33. Nc5 Nb6 34. Rc3 Nd7 35. Ndb3 Ke8 36. Rd3 g6 37. Kd2 Nf6 38. Kc3 Nd7 39. Kb4 Nb6 40. Na5 1-0

[Event "Troll Masters"]
[Site "Gausdal"]
[Date "2000.01.10"]
[Round "1"]
[White "Rause, Olita V"]
[Black "Miezis, Normunds"]
[Result "0-1"]
[WhiteElo "2249"]
[BlackElo "2524"]
[PlyCount "62"]
[EventDate "2000.01.10"]
[EventType "swiss"]
[EventRounds "9"]
[EventCountry "NOR"]
[SourceTitle "CBM 074 Extra"]
[Source "ChessBase"]
[SourceDate "2000.03.10"]
[SourceVersion "2"]
[SourceVersionDate "2000.03.10"]
[SourceQuality "1"]

1. e4 c5 2. c3 d5 3. exd5 Qxd5 4. d4 e6 5. Nf3 Nf6 6. Be2 Be7 7. 0-0 0-0 8. Ne5 cxd4 9. cxd4 Rd8 10. Be3 Nc6 11. Nc3 Qa5 12. Bc4 Qc7 13. Qb3 Nd5 14. Rac1 Bf6 15. Rfd1 g5 16. Nf3 Nxe3 17. fxe3 Bg7 18. Qb5 Bd7 19. Qxg5 Nxd4 20. exd4 Qxc4 21. d5 Qc5+ 22. Kh1 h6 23. Qf4 e5 24. Qd2 Qb6 25. b3 f5 26. d6 e4 27. Ne2 Rac8 28. Qd5+ Kh7 29. Rc4 Qe3 30. Qf7 b5 31. Nfd4 Qg5 0-1

[Event "CAPA 10th jub email"]
[Site "email"]
[Date "1999.??.??"]
[Round "?"]
[White "Rause, Olita V"]
[Black "Alvarez, Roberto Gabriel"]
[Result "1-0"]
[WhiteElo "2637"]
[BlackElo "2605"]
[PlyCount "149"]
[EventDate "1999.12.01"]
[EventType "tourn (corr)"]
[EventRounds "10"]
[EventCategory "16"]
[SourceTitle "Corr 2002"]
[Source "ChessBase"]
[SourceDate "2002.05.23"]
[SourceVersion "1"]
[SourceVersionDate "2002.05.23"]
[SourceQuality "1"]

1. e4 c5 2. Nf3 d6 3. d4 cxd4 4. Nxd4 Nf6 5. Nc3 a6 6. Be3 e5 7. Nb3 Be6 8. Qd2 Nbd7 9. f3 h5 10. 0-0-0 b5 11. Kb1 Be7 12. f4 0-0 13. f5 Bc4 14. h3 Bxf1 15. Rhxf1 b4 16. Nd5 Nxd5 17. Qxd5 h4 18. g4 hxg3 19. Rg1 Nf6 20. Qd3 a5 21. Rxg3 Kh8 22. Rdg1 Rg8 23. Qe2 a4 24. Nd4 Qe8 25. Qg2 g6 26. Ne2 Rc8 27. fxg6 fxg6 28. Bg5 Kh7 29. Bxf6 Bxf6 30. Rf3 Qe6 31. h4 Be7 32. Ng3 d5 33. exd5 Qxd5 34. Ne4 Rc4 35. Ng5+ Bxg5 36. hxg5 Kg7 37. Qf2 Rd4 38. Rc1 Rh8 39. Qf1 Rhh4 40. Rf6 Qc4 41. Qe1 Rde4 42. Qf2 Rd4 43. b3 Qd5 44. Ra6 Qf7 45. Qxf7+ Kxf7 46. bxa4 Rhg4 47. Rh1 Rxg5 48. Rh7+ Kg8 49. Rb7 Rd8 50. Re6 e4 51. Rxe4 Rc8 52. Rbxb4 Kf7 53. Kb2 Rc6 54. Rec4 Rxc4 55. Rxc4 Ke6 56. Kb3 Ra5 57. Rc6+ Kd7 58. Rxg6 Kc7 59. Kb4 Re5 60. c4 Re2 61. a3 Rb2+ 62. Kc3 Ra2 63. Kb3 Ra1 64. a5 Rb1+ 65. Ka4 Rc1 66. Kb5 Rb1+ 67. Kc5 Rh1 68. a6 Kb8 69. a4 Ka7 70. Kb5 Rb1+ 71. Ka5 Rc1 72. Rg7+ Ka8 73. Kb6 Rb1+ 74. Kc5 Ra1 75. a5 1-0

[Event "Gonfreville op"]
[Site "Gonfreville"]
[Date "1999.??.??"]
[Round "2"]
[White "Serrano Salvador, Eduardo"]
[Black "Rause, Olita V"]
[Result "0-1"]
[WhiteElo "2079"]
[BlackElo "2262"]
[PlyCount "86"]
[EventDate "1999.04.??"]
[EventType "swiss"]
[EventRounds "5"]
[EventCountry "FRA"]
[SourceTitle "EXT 2000"]
[Source "ChessBase"]
[SourceDate "1999.11.16"]
[SourceVersion "1"]
[SourceVersionDate "1999.11.16"]
[SourceQuality "1"]

1. e4 c6 2. d4 d5 3. exd5 cxd5 4. Nf3 Nf6 5. Nc3 Bg4 6. Be2 e6 7. 0-0 Nc6 8. Re1 Bb4 9. Bg5 h6 10. Bh4 0-0 11. Ne5 Bxe2 12. Rxe2 g5 13. Bg3 Ne7 14. f3 Bxc3 15. bxc3 Rc8 16. Qd3 Nf5 17. Kf2 Qa5 18. c4 dxc4 19. Nxc4 Qb4 20. Ne5 Qxd4+ 21. Qxd4 Nxd4 22. Rd2 Rxc2 23. Rxc2 Nxc2 24. Rc1 Rc8 25. Nd3 Rc6 26. Ne1 Nxe1 27. Rxc6 bxc6 28. Kxe1 Nd5 29. Kd2 Kf8 30. Bd6+ Ke8 31. Bc5 a6 32. Kd3 Nf4+ 33. Ke4 f5+ 34. Ke5 Nd3+ 35. Kd6 Nxc5 36. Kxc5 Kd7 37. g3 e5 38. g4 fxg4 39. fxg4 Kc7 40. a3 a5 41. a4 Kb7 42. Kd6 e4 43. Kc5 e3 0-1

[Event "Stockholm op (Women)"]
[Site "Stockholm"]
[Date "1998.08.09"]
[Round "9"]
[White "Rause, Olita V"]
[Black "Jiretorn, Eva"]
[Result "1-0"]
[WhiteElo "2290"]
[BlackElo "2065"]
[PlyCount "75"]
[EventDate "1998.08.??"]
[EventType "swiss"]
[EventRounds "9"]
[EventCountry "SWE"]
[SourceTitle "EXT 1999"]
[Source "ChessBase"]
[SourceDate "1998.11.16"]
[SourceVersion "1"]
[SourceVersionDate "1998.11.16"]
[SourceQuality "1"]

1. e4 c5 2. Nf3 d6 3. d4 cxd4 4. Nxd4 Nf6 5. Nc3 g6 6. Be3 Bg7 7. f3 0-0 8. Qd2 Nc6 9. Bc4 Bd7 10. 0-0-0 Rc8 11. Bb3 Ne5 12. Kb1 Nc4 13. Bxc4 Rxc4 14. g4 a6 15. h4 b5 16. h5 b4 17. Nce2 a5 18. hxg6 fxg6 19. g5 Ne8 20. Nf5 Rc8 21. Nxg7 Nxg7 22. Nf4 e5 23. Nd5 Rc6 24. Nf6+ Rxf6 25. gxf6 Qxf6 26. f4 exf4 27. Bxf4 Qe6 28. Bh6 Qxe4 29. Rde1 Qf3 30. Bxg7 Bf5 31. Re8+ Kf7 32. Rf8+ Ke7 33. Qg5+ Ke6 34. Qf6+ Kd5 35. Qd4+ Ke6 36. Re1+ Kd7 37. Rf7+ Kd8 38. Qf6+ 1-0

[Event "Stockholm op (Women)"]
[Site "Stockholm"]
[Date "1998.08.08"]
[Round "8"]
[White "Stasiunaite, Lina"]
[Black "Rause, Olita V"]
[Result "1/2-1/2"]
[WhiteElo "2145"]
[BlackElo "2290"]
[PlyCount "25"]
[EventDate "1998.08.??"]
[EventType "swiss"]
[EventRounds "9"]
[EventCountry "SWE"]
[SourceTitle "EXT 1999"]
[Source "ChessBase"]
[SourceDate "1998.11.16"]
[SourceVersion "1"]
[SourceVersionDate "1998.11.16"]
[SourceQuality "1"]

1. e4 d5 2. exd5 Nf6 3. Nc3 Nxd5 4. Bc4 c6 5. Qf3 e6 6. Nge2 Nd7 7. d4 Nxc3 8. Qxc3 Bd6 9. Bf4 Nb6 10. 0-0 0-0 11. Bb3 Nd5 12. Bxd5 exd5 13. Bxd6 1/2-1/2

[Event "Stockholm op (Women)"]
[Site "Stockholm"]
[Date "1998.08.04"]
[Round "4"]
[White "Horn, Emilia"]
[Black "Rause, Olita V"]
[Result "0-1"]
[WhiteElo "2035"]
[BlackElo "2290"]
[PlyCount "72"]
[EventDate "1998.08.??"]
[EventType "swiss"]
[EventRounds "9"]
[EventCountry "SWE"]
[SourceTitle "EXT 1999"]
[Source "ChessBase"]
[SourceDate "1998.11.16"]
[SourceVersion "1"]
[SourceVersionDate "1998.11.16"]
[SourceQuality "1"]

1. e4 c6 2. d4 d5 3. Nc3 dxe4 4. Nxe4 Bf5 5. Ng3 Bg6 6. Nf3 Nf6 7. h4 h6 8. h5 Bh7 9. Bd3 Bxd3 10. Qxd3 e6 11. Bd2 Be7 12. 0-0-0 0-0 13. Ne5 c5 14. dxc5 Qc7 15. f4 Nbd7 16. Nxd7 Nxd7 17. Ne4 Nxc5 18. Nxc5 Qxc5 19. Bc3 Rfd8 20. Qg3 Bf8 21. Qf3 b5 22. Rd4 Rac8 23. Qd3 Rxd4 24. Qxd4 Qc6 25. Qf2 b4 26. Bd4 a5 27. Kb1 Rd8 28. Be3 a4 29. b3 axb3 30. cxb3 Qe4+ 31. Ka1 Be7 32. Bc1 Bf6+ 33. Bb2 Bc3 34. Bxc3 bxc3 35. Rc1 Rd2 36. Qg3 Qc2 0-1

[Event "SSKK 60 jub corr"]
[Site "Sweden"]
[Date "1998.??.??"]
[Round "?"]
[White "Bachmann, Andreas"]
[Black "Rause, Olita V"]
[Result "1/2-1/2"]
[WhiteElo "2635"]
[BlackElo "2622"]
[PlyCount "78"]
[EventDate "1998.??.??"]
[EventType "tourn (corr)"]
[EventRounds "14"]
[EventCountry "SWE"]
[EventCategory "12"]
[SourceTitle "Corr 2002"]
[Source "ChessBase"]
[SourceDate "2002.05.23"]
[SourceVersion "1"]
[SourceVersionDate "2002.05.23"]
[SourceQuality "1"]

1. d4 d5 2. c4 c6 3. Nf3 Nf6 4. Nc3 e6 5. e3 Nbd7 6. Bd3 dxc4 7. Bxc4 b5 8. Bd3 Bb7 9. 0-0 a6 10. e4 c5 11. d5 Qc7 12. dxe6 fxe6 13. Bc2 Qc6 14. Qe2 Bd6 15. Ng5 Be5 16. f4 Bd4+ 17. Kh1 h6 18. Nf3 0-0-0 19. e5 Bxc3 20. bxc3 Nd5 21. c4 bxc4 22. Qxc4 Qb5 23. Bd3 Qxc4 24. Bxc4 N7b6 25. Bb3 Kb8 26. Rb1 Ka7 27. Bd2 Rhf8 28. Ba5 Rb8 29. Bxb6+ Nxb6 30. Bxe6 Rxf4 31. Rbd1 Re8 32. Rd6 Re7 33. Rb1 Rb4 34. Rxb4 cxb4 35. Kg1 Na4 36. Bc4 Nb6 37. Be6 Na4 38. Bc4 Nb6 39. Be6 Na4 1/2-1/2